| 000 | 00521nmm a2200145Ia 4500 | ||
|---|---|---|---|
| 008 | 251105s9999||||xx |||||||||||||||||und|| | ||
| 020 | _a9788436955194 | ||
| 041 | _aspa | ||
| 245 | 0 | _aTestamento y codicilo de la Reina Isabel la Católica : 12 de octubre y 23 de noviembre de 1504 | |
| 264 |
_a[Madrid, España] : _bMinisterio de Educación, Cultura y Deporte de España, _c2013 |
||
| 300 | _a49 páginas | ||
| 650 | _aHistory of Europe: Spain | ||
| 856 | _uhttps://public.digitaliapublishing.com/a/30230 | ||
| 942 | _cCF | ||
| 999 |
_c82243 _d82243 |
||